000 00466nam a2200181Ia 4500
001 9831
005 20260306161747.0
008 260306t2008||||xx |||||||||||||| ||spa||
041 _aESP
082 _a465
_bS24
100 _aSánchez Pérez, Aquilino
_eAUT
245 0 _aGramática práctica del español actual:
_bespañol para extranjeros
260 _c2008
300 _a270 páginas :
_c26 cm.
650 _aGEN
654 _aCHU
942 _cLIB
_dJUS
_fJUS
_2ddc
_n
999 _c9831
_d9831